| 000 | 00371nam a22001217a 4500 | ||
|---|---|---|---|
| 082 | _a220 PRO | ||
| 100 |
_aAMNA, IFRAH _971629 |
||
| 245 | _aPR-SOF-1348-OFFLINE BRAIN COMPUTER INTERFACE RECOGNITION OF FINGER MOVEMENTS | ||
| 260 |
_aISLAMABAD _bNUST COLLEGE OF EME _c2014 |
||
| 650 |
_aDE-MTS-32 _971630 |
||
| 700 |
_aDR MOHSIN TIWANA, DR JAVAID IQBAL _971631 |
||
| 942 | _cCR | ||
| 999 |
_c578042 _d578042 |
||